Marketing v knižnici banky

Marketingové techniky prenikajú aj do knižníc a dokumentačných útvarov. Západná literatúra chápe marketing ako vzťah medzi knižnicou, jej používateľmi a verejnosťou. Východiskovým bodom marketingových úvah a analýz sú zdroje informácií. Výskumy trhu slúžia ako podklad pre formulovanie čiastkových aj...

Full description

Saved in:
Bibliographic Details
Main Author: Lesáková, Milica
Format: Book Chapter
Language:Czech
Subjects:
Tags: Add Tag
No Tags, Be the first to tag this record!

MARC

LEADER 00000naa a2200000 4500
001 r015433
005 20221213082447.1
041 0 |a cze 
044 |a CZ 
245 1 0 |a Marketing v knižnici banky  |c Milica Lesáková 
520 |a Marketingové techniky prenikajú aj do knižníc a dokumentačných útvarov. Západná literatúra chápe marketing ako vzťah medzi knižnicou, jej používateľmi a verejnosťou. Východiskovým bodom marketingových úvah a analýz sú zdroje informácií. Výskumy trhu slúžia ako podklad pre formulovanie čiastkových aj strategických cieľov knižnice. Aplikácia marketingového prístupu. 
610 2 0 |a marketing 
610 2 0 |a knižnice 
610 2 0 |a Slovenská poľnohospodárska banka, a.s. Bratislava 
610 2 0 |a zdroje informácií 
610 2 0 |a výskum trhu 
610 2 0 |a komunikácia 
100 1 |a Lesáková, Milica